000 00314nam a2200133Ia 4500
008 190216s9999||||xx |||||||||||||| ||und||
100 _aRajput
245 0 _aAdvanced Quantum Mechanics
250 _a5th Ed.
260 _bPragathi Prakashan
_c2001
300 _a896
650 _aChemistry-Chemistry
942 _cBK
999 _c2953
_d2953